Statistics for Biggest neighbour of every European country

Click here to take the quiz!

General Stats

  • This quiz has been taken 38 times
  • The average score is 39 of 43

Answer Stats

CountryBiggest Neighbour% Correct
BelgiumFrance
97%
AndorraFrance
97%
AustriaGermany
97%
BelarusRussia
97%
GreeceTurkey
97%
BulgariaTurkey
97%
LiechtensteinAustria
94%
ItalyFrance
94%
CzechiaGermany
94%
DenmarkGermany
94%
AlbaniaGreece
94%
EstoniaRussia
94%
FinlandRussia
94%
LatviaRussia
94%
FranceSpain
94%
IrelandUnited Kingdom
94%
GermanyFrance
91%
SpainFrance
91%
LuxembourgFrance
91%
MonacoFrance
91%
NetherlandsGermany
91%
North MacedoniaGreece
91%
San MarinoItaly
91%
PolandRussia
91%
NorwayRussia
91%
LithuaniaRussia
91%
Bosnia and HerzegovinaSerbia
91%
PortugalSpain
91%
MoldovaUkraine
91%
RussiaChina
89%
RomaniaUkraine
89%
SwitzerlandFrance
86%
United KingdomIreland
86%
Vatican CityItaly
86%
SloveniaItaly
86%
SwedenNorway
86%
UkraineRussia
86%
MontenegroSerbia
86%
KosovoSerbia
86%
CroatiaHungary
83%
SlovakiaUkraine
80%
HungaryUkraine
80%
SerbiaRomania
74%

Score Distribution

Percentile by Number Answered

Percent of People with Each Score

Your Score History

You have not taken this quiz